000
00322nam a22001457a 4500
003
SGT
020
_a
9781119714347
082
_a
692
_b
KIL
100
_a
KILMER ROSEMARY
245
_a
CONSTRUCTION DRAWINGS AND DETAILS FOR INTERIORS
250
_a
4TH
260
_a
U.S
_b
WILEY
_c
2021
300
_a
468
942
_2
ddc
_c
BK
999
_c
32284
_d
32284